000 00751nam a2200229Ia 4500
001 17659
003 GE_BSU
008 181216s||||||||xx |||||||||||||| ||und||
040 _cGE_BSU
080 _a821.353.1-4 + 821.353.1-92
100 _aკარბელაშვილი,გივი
245 _aსულის ნაჟური
245 _b[ლიტ. წერილები]
245 _cრედ.:ე.ფალიანი;მხატვ.:ი.სხირტლაძე
260 _aთბილისი
260 _bსაბჭ.საქართველო
260 _c1987
300 _a765გვ. ; 21სმ.
300 _e1ფ.პორტრ.
653 _aლიტ. წერილები
942 _cBK
999 _c50708
_d50708